000 00882nam a2200265 a 4500
999 _c752
_d752
008 191028r20062008ii a|||g |||| 001 0 eng d
020 _a9788185594583
_cRs. 150.00
040 _aKO
_beng
041 0 _aeng
044 _aii
082 0 4 _223
_a604.2
_bB4696
100 1 _aBhatt, N. D.
245 1 0 _aElementary Engineering Drawing :
_bPlane and Solid Geometry (In First Angle Projection Method) /
_cN. D. Bhatt, V. M. Panchal
250 _a49th ed.
260 _aGujarat :
_bCharotar Publishing House Pvt Ltd,
_c2006, reprinted 2008
300 _axvi, 600 p. :
_bill. ;
_c24 cm.
504 _aIndex present.
650 0 _aMechanical drawing
_xEngineering drawings
_vTextbooks
650 0 _aGeometrical drawing
_xTextbooks
650 0 _aProjection
_xIsometric projection
_xOrthographic projection
700 1 _aPanchal, V. M.
_eaut
904 _aS_JOY
942 _cBK